Statistics for All Monarchs of Sovereign States - 2024

Click here to take the quiz!

General Stats

  • This quiz has been taken 32 times
    (9 since last reset)
  • The average score is 13 of 30

Answer Stats

CountryTitleSinceAnswer% Correct
United Kingdom*King2022Charles III
78%
JordanKing1999Abdullah II
67%
MonacoPrince2005Albert II
67%
SpainKing2014Felipe VI
67%
DenmarkKing2024Frederik X
67%
NorwayKing1991Harald V
67%
SwedenKing1973Carl XVI Gustaf
56%
Vatican CityPope2013Francis
56%
BelgiumKing2013Philippe
56%
NetherlandsKing2013Willem-Alexander
56%
AndorraCo-Princes2017Emmanuel Macron
44%
LuxembourgGrand Duke2000Henri
44%
OmanSultan2020Haitham bin Tariq
33%
BahrainKing1999Hamad bin Isa Al Khalifa
33%
LiechtensteinPrince1989Hans-Adam II
33%
BruneiSultan1967Hassanal Bolkiah
33%
MalaysiaYang di-Pertuan Agong2024Ibrahim Iskandar
33%
BhutanDruk Gyalpo2006Jigme Khesar Namgyel Wangchuck
33%
AndorraCo-Princes2003Joan Enric Vives i Sicília
33%
LesothoKing1996Letsie III
33%
KuwaitEmir2023Mishal Al-Ahmad Al-Jaber Al-Sabah
33%
United Arab EmiratesPresident2022Mohamed bin Zayed Al Nahyan
33%
MoroccoKing1999Mohammed VI
33%
EswatiniKing1986Mswati III
33%
JapanEmperor2019Naruhito
33%
CambodiaKing2004Norodom Sihamoni
33%
Saudi ArabiaKing2015Salman
33%
QatarEmir2013Tamim bin Hamad Al Thani
33%
TongaKing2012Tupou VI
33%
ThailandKing2016Vajiralongkorn
33%

Score Distribution

Percentile by Number Answered

Percent of People with Each Score

Your Score History

You have not taken this quiz since the last reset